[Event "Oruro Baptista Memorial"]
[Site "Oruro"]
[Date "2023.11.01"]
[Round "1"]
[White "Arce Arce, Luis"]
[Black "Cruz Condori, Alfredo"]
[Result "0-1"]
[WhiteElo "1210"]
[BlackElo "1966"]
[PlyCount "76"]
[EventDate "2023.11.01"]
[EventType "swiss"]
[EventRounds "9"]
[EventCountry "BOL"]
[SourceTitle "Mega2024 Update 01"]
[Source "Chessbase"]
[SourceDate "2023.11.12"]
[SourceVersion "1"]
[SourceVersionDate "2023.11.12"]
[SourceQuality "1"]

1. e4 c5 2. Nf3 Nc6 3. c3 e6 4. d4 d5 5. e5 Qb6 6. a3 c4 7. Nbd2 Na5 8. Rb1 Bd7 9. b3 cxb3 10. Bb2 Rc8 11. Qe2 a6 12. Qe3 Ne7 13. Be2 Nf5 14. Qf4 h6 15. h3 g5 16. Qh2 Bb5 17. g4 Bxe2 18. Kxe2 Qb5+ 19. Kd1 Ne7 20. Rc1 Ng6 21. Qg1 Nf4 22. Qf1 Qxf1+ 23. Rxf1 Nd3 24. Rb1 Nxb2+ 25. Rxb2 Bxa3 26. Rb1 Rxc3 27. Ke2 b2 28. h4 gxh4 29. Nxh4 b5 30. Nhf3 Nc4 31. Rfd1 Rg8 32. Rh1 Rg6 33. Rhg1 a5 34. g5 hxg5 35. Nxg5 Rxg5 36. Rxg5 Rc2 37. Rd1 Rxd2+ 38. Rxd2 Nxd2 0-1

[Event "Oruro Baptista Memorial"]
[Site "Oruro"]
[Date "2023.11.01"]
[Round "2"]
[White "Cruz Condori, Alfredo"]
[Black "Soliz Flores, Luz Neyda"]
[Result "1-0"]
[WhiteElo "1966"]
[BlackElo "1434"]
[PlyCount "76"]
[EventDate "2023.11.01"]
[EventType "swiss"]
[EventRounds "9"]
[EventCountry "BOL"]
[SourceTitle "Mega2024 Update 01"]
[Source "Chessbase"]
[SourceDate "2023.11.12"]
[SourceVersion "1"]
[SourceVersionDate "2023.11.12"]
[SourceQuality "1"]

1. c4 Nf6 2. Nc3 c6 3. e4 e5 4. Nf3 d6 5. d4 exd4 6. Qxd4 Nbd7 7. Be2 Be7 8. 0-0 0-0 9. Re1 Qc7 10. h3 Ne5 11. Be3 Nxf3+ 12. Bxf3 Nd7 13. Rac1 Ne5 14. Be2 f5 15. f4 Ng6 16. Qd2 fxe4 17. Nxe4 Be6 18. Bf1 d5 19. cxd5 Bxd5 20. Qxd5+ Kh8 21. Qb3 Nxf4 22. Bc5 Bxc5+ 23. Nxc5 b6 24. Ne6 Nxe6 25. Rxe6 c5 26. Rce1 Rf7 27. Re8+ Rf8 28. Rxa8 Rxa8 29. Qe6 Rf8 30. Bd3 Qf4 31. Qe4 Qh6 32. Qe7 Qf4 33. Rf1 Qd4+ 34. Kh2 Rg8 35. Rf8 Qd5 36. b3 Rxf8 37. Qxf8+ Qg8 38. Qxg8+ Kxg8 1-0

[Event "La Paz GP op 3rd"]
[Site "La Paz"]
[Date "2023.08.17"]
[Round "2"]
[White "Lilienfeld Quevedo, Daniel"]
[Black "Cruz Condori, Alfredo"]
[Result "1-0"]
[WhiteElo "1605"]
[BlackElo "2014"]
[PlyCount "94"]
[EventDate "2023.08.17"]
[EventType "swiss"]
[EventRounds "7"]
[EventCountry "BOL"]
[SourceTitle "EXT 2024"]
[Source "ChessBase"]
[SourceDate "2023.10.10"]
[SourceVersion "1"]
[SourceVersionDate "2023.10.10"]
[SourceQuality "1"]

1. e4 c5 2. Nf3 Nc6 3. d4 cxd4 4. Nxd4 Nf6 5. Nc3 d6 6. Bg5 e6 7. Qd2 a6 8. 0-0-0 Be7 9. Kb1 Qc7 10. f4 h6 11. Bh4 g5 12. fxg5 Nh7 13. Nxc6 bxc6 14. g6 Ng5 15. gxf7+ Nxf7 16. Bxe7 Qxe7 17. Be2 Qg5 18. Rhf1 d5 19. exd5 exd5 20. Qd4 Qe5 21. Qh4 Be6 22. Rde1 Qg5 23. Qxg5 Nxg5 24. Bg4 Kd7 25. Bxe6+ Nxe6 26. Rf7+ Kd6 27. Rf6 Rae8 28. b4 a5 29. a3 axb4 30. axb4 d4 31. Ne4+ Kd5 32. Rf5+ Kc4 33. Nd6+ Kxb4 34. Nxe8 Nc5 35. Nc7 Na4 36. Na6+ Kc4 37. Re6 Rc8 38. Ra5 Nc3+ 39. Kb2 c5 40. Rb6 h5 41. Nb8 Rc7 42. Nc6 Kd5 43. Nb4+ Ke4 44. Nd3 Ke3 45. Nxc5 Rxc5 46. Rxc5 Na4+ 47. Kc1 Nxc5 1-0

[Event "La Paz Casa Argentina op"]
[Site "La Paz"]
[Date "2023.07.08"]
[Round "5"]
[White "Cruz Condori, Alfredo"]
[Black "Monroy Carrizo, Javier"]
[Result "0-1"]
[WhiteElo "2057"]
[BlackElo "1794"]
[PlyCount "104"]
[EventDate "2023.07.06"]
[EventType "swiss"]
[EventRounds "7"]
[EventCountry "BOL"]
[SourceTitle "CBM 215 Extra"]
[Source "ChessBase"]
[SourceDate "2023.09.30"]
[SourceVersion "1"]
[SourceVersionDate "2023.09.30"]
[SourceQuality "1"]

1. e4 c5 2. Nf3 Nc6 3. Bb5 g6 4. Bxc6 bxc6 5. d4 Bg7 6. 0-0 cxd4 7. Nxd4 Nf6 8. Nc3 0-0 9. Be3 Qc7 10. f3 Ba6 11. Rf2 Rfd8 12. Rd2 d5 13. exd5 Nxd5 14. Nxd5 cxd5 15. c3 e5 16. Nc2 Bb7 17. Qf1 Rd7 18. Rad1 Qa5 19. Ra1 Rad8 20. Qf2 Ba8 21. Bc5 d4 22. b4 Qa4 23. cxd4 exd4 24. Nxd4 a5 25. Rad1 axb4 26. Nb3 Bc3 27. Rxd7 Rxd7 28. Qe2 Rxd1+ 29. Qxd1 Qe8 30. Kf2 Bd5 31. Qe2 Qa8 32. Be3 h5 33. h4 Qb8 34. Qd3 Qa8 35. Qe2 Kh7 36. Bg5 Qa3 37. Qc2 Bc4 38. Kg1 Qa7+ 39. Qf2 Qd7 40. Qc2 Qe6 41. Kh2 Qe2 42. Qc1 Qf2 43. Nd2 Be5+ 44. Kh1 Bxa2 45. Ne4 Qb2 46. Qg1 Bd5 47. Bc1 Qd4 48. Ng5+ Kg7 49. Qe1 b3 50. Be3 Qa1 51. Bc1 Bc3 52. Qd1 Be5 0-1

[Event "La Paz Casa Argentina op"]
[Site "La Paz"]
[Date "2023.07.07"]
[Round "4"]
[White "Lilienfeld Quevedo, Daniel"]
[Black "Cruz Condori, Alfredo"]
[Result "1/2-1/2"]
[WhiteElo "1573"]
[BlackElo "2057"]
[PlyCount "101"]
[EventDate "2023.07.06"]
[EventType "swiss"]
[EventRounds "7"]
[EventCountry "BOL"]
[SourceTitle "CBM 215 Extra"]
[Source "ChessBase"]
[SourceDate "2023.09.30"]
[SourceVersion "1"]
[SourceVersionDate "2023.09.30"]
[SourceQuality "1"]

1. e4 e6 2. f4 d5 3. Nc3 d4 4. Nce2 c5 5. Nf3 Nc6 6. d3 Nf6 7. g3 a6 8. Bg2 b5 9. a4 Rb8 10. 0-0 Be7 11. h3 Qb6 12. Kh1 h5 13. axb5 axb5 14. Bd2 Bb7 15. Qe1 Bd8 16. Kg1 Bc7 17. Qf2 Rd8 18. b3 Ke7 19. e5 Nd5 20. f5 Bc8 21. fxe6 Bxe6 22. Bg5+ Kd7 23. Bd2 Ra8 24. Nf4 Nxf4 25. Bxf4 Rxa1 26. Rxa1 Nb4 27. Ng5 Nd5 28. Nxe6 Qxe6 29. Qf3 Nb4 30. Ra7 Rb8 31. Qxh5 Nc6 32. Ra6 Rb6 33. Ra8 Rb8 34. Ra6 Rb6 35. Ra8 Rb8 36. Rxb8 Bxb8 37. Be4 g6 38. Qh8 Bc7 39. Qf8 Ne7 40. Qh8 Nc6 41. Qf8 Ne7 42. Kg2 Bxe5 43. Bxe5 Qxe5 44. Qxf7 Qe6 45. Qxe6+ Kxe6 46. h4 Kf6 47. g4 g5 48. Kg3 Nc8 49. h5 Nd6 50. Bd5 b4 51. Kf3 1/2-1/2

[Event "La Paz Casa Argentina op"]
[Site "La Paz"]
[Date "2023.07.06"]
[Round "2"]
[White "Rocha Correa, Jhonn Gregor"]
[Black "Cruz Condori, Alfredo"]
[Result "0-1"]
[WhiteElo "1419"]
[BlackElo "2057"]
[PlyCount "120"]
[EventDate "2023.07.06"]
[EventType "swiss"]
[EventRounds "7"]
[EventCountry "BOL"]
[SourceTitle "CBM 215 Extra"]
[Source "ChessBase"]
[SourceDate "2023.09.30"]
[SourceVersion "1"]
[SourceVersionDate "2023.09.30"]
[SourceQuality "1"]

1. e4 e6 2. d4 d5 3. exd5 exd5 4. Bd3 Bd6 5. Nf3 Bg4 6. Nc3 c6 7. h3 Bh5 8. a3 Nd7 9. Be3 Ngf6 10. Bg5 Qe7+ 11. Qe2 Bxf3 12. Qxe7+ Bxe7 13. gxf3 Nh5 14. Bxe7 Kxe7 15. Kd2 g6 16. Ne2 Rae8 17. b4 Nb6 18. a4 Nc8 19. b5 Nd6 20. bxc6 bxc6 21. Rab1 Rb8 22. c3 Kd7 23. Rb4 a5 24. Rxb8 Rxb8 25. Kc2 Nc4 26. Bxc4 dxc4 27. Rb1 Rxb1 28. Kxb1 f5 29. h4 f4 30. Kc2 Ke6 31. d5+ Kxd5 32. Nd4 Ng7 33. Kd2 h6 34. Ke1 c5 35. Nb5 Nf5 36. Nc7+ Kd6 37. Ne8+ Ke5 38. Nc7 Kd6 39. Ne8+ Kc6 40. Ke2 Nxh4 41. Nf6 Nf5 42. Ng4 Kd6 43. Nf6 Ne7 44. Ne4+ Kc6 45. Kd2 Nd5 46. Kc2 Nb6 47. Nf6 h5 48. Nh7 Nxa4 49. Ng5 Nb6 50. Kb2 Nd5 51. Ne4 h4 52. Ng5 Kd6 53. Nh3 Ke5 54. Kc2 Kf5 55. Kd2 a4 56. Kc2 g5 57. Ng1 a3 58. Nh3 g4 59. fxg4+ Kxg4 60. Ng1 f3 0-1

[Event "La Paz Casa Argentina op"]
[Site "La Paz"]
[Date "2022.06.16"]
[Round "1"]
[White "Montevilla Cahuasa, Hector Sebastian"]
[Black "Cruz Condori, Alfredo"]
[Result "0-1"]
[WhiteElo "1163"]
[BlackElo "2122"]
[PlyCount "68"]
[EventDate "2022.06.16"]
[EventType "swiss"]
[EventRounds "7"]
[EventCountry "BOL"]
[SourceTitle "EXT 2023"]
[Source "ChessBase"]
[SourceDate "2022.10.05"]
[SourceVersion "1"]
[SourceVersionDate "2022.10.05"]
[SourceQuality "1"]

1. e4 c5 2. Nf3 e6 3. d4 cxd4 4. Nxd4 a6 5. Nc3 Qc7 6. Be3 Nf6 7. Bd3 b5 8. Qd2 Bb7 9. f3 b4 10. Nce2 d5 11. Ng3 h5 12. Bf4 e5 13. Ngf5 exf4 14. exd5 Nbd7 15. Qe2+ Qe5 16. Kd2 Qxe2+ 17. Bxe2 g6 18. Rhe1 0-0-0 19. Nh4 Nxd5 20. Bc4 N7b6 21. Bb3 Bg7 22. Re4 Nf6 23. Rxf4 Bh6 24. g3 Rxd4+ 25. Kc1 Re8 26. c3 Rxf4 27. gxf4 Re1+ 28. Bd1 Nc4 29. Ng2 Rg1 30. Nh4 Bxf4+ 31. Kc2 Ne3+ 32. Kb3 Bd5+ 33. Kxb4 Bd6+ 34. Ka4 Nxd1 0-1

[Event "San Sebastian Constitucion op 10th"]
[Site "San Sebastian"]
[Date "2008.12.02"]
[Round "3"]
[White "Castejon Caballero, Andres"]
[Black "Cruz Condori, Alfredo"]
[Result "1-0"]
[WhiteElo "2003"]
[BlackElo "2143"]
[PlyCount "153"]
[EventDate "2008.11.30"]
[EventType "swiss"]
[EventRounds "9"]
[EventCountry "ESP"]
[SourceTitle "CBM 127 Extra"]
[Source "ChessBase"]
[SourceDate "2009.01.08"]
[SourceVersion "2"]
[SourceVersionDate "2009.01.28"]
[SourceQuality "1"]

1. e4 c5 2. Nf3 e6 3. d4 cxd4 4. Nxd4 a6 5. Bd3 Qc7 6. 0-0 Nc6 7. Nxc6 dxc6 8. c4 e5 9. Be3 Nf6 10. f3 Nd7 11. Kh1 a5 12. f4 Bc5 13. Bd2 Bd4 14. Nc3 exf4 15. Bxf4 Be5 16. g3 0-0 17. Rc1 Nc5 18. Bc2 f6 19. Qh5 Qf7 20. Qxf7+ Rxf7 21. Bxe5 fxe5 22. Rxf7 Kxf7 23. Kg2 Be6 24. b3 Ke7 25. Rd1 Rf8 26. Rd2 h5 27. Bd1 g6 28. h3 h4 29. g4 Bc8 30. Bf3 Ne6 31. Ne2 Ng5 32. Rd3 Be6 33. Nc3 Ra8 34. Bd1 a4 35. Nxa4 b5 36. cxb5 cxb5 37. Nc3 b4 38. Na4 Rf8 39. Nc5 Rc8 40. Na6 Nxe4 41. Nxb4 Rc1 42. Bf3 Nc3 43. Re3 Kd6 44. Rxe5 Kxe5 45. Nd3+ Kd4 46. Nxc1 Ke3 47. b4 Bxa2 48. Nxa2 Nxa2 49. b5 Nb4 50. b6 g5 51. b7 Na6 52. Bc6 Nb8 53. Bb5 Ke4 54. Kf2 Kf4 55. Be8 Na6 56. Bc6 Nb8 57. Bb5 Ke4 58. Ke2 Kf4 59. Kd3 Kf3 60. Kd4 Kg3 61. Ke5 Kxh3 62. Kf5 Kg3 63. Kxg5 h3 64. Bc4 Nd7 65. Bb3 Nb8 66. Kh5 Kf4 67. g5 h2 68. Bd5 Ke5 69. Bh1 Kd6 70. g6 Nd7 71. g7 Kc7 72. Kg6 Ne5+ 73. Kh7 Ng4 74. g8Q Nf6+ 75. Kg7 Nxg8 76. Kxg8 Kb8 77. Kf7 1-0

[Event "Espartinas"]
[Site "Espartinas"]
[Date "2007.05.02"]
[Round "5"]
[White "Matamoros Franco, Carlos S"]
[Black "Cruz Condori, Alfredo"]
[Result "1-0"]
[WhiteElo "2540"]
[BlackElo "2140"]
[PlyCount "101"]
[EventDate "2007.04.28"]
[EventType "tourn"]
[EventRounds "9"]
[EventCountry "ESP"]
[EventCategory "1"]
[SourceTitle "CBM 118 Extra"]
[Source "ChessBase"]
[SourceDate "2007.07.04"]
[SourceVersion "1"]
[SourceVersionDate "2007.07.04"]
[SourceQuality "1"]

1. c4 e5 2. g3 Nf6 3. Bg2 d5 4. cxd5 Nxd5 5. Nf3 Nc6 6. 0-0 Be7 7. d4 exd4 8. Nxd4 Nxd4 9. Qxd4 Nf6 10. Qxd8+ Bxd8 11. Nc3 c6 12. b4 a6 13. Be3 Be6 14. a4 0-0 15. b5 Ba5 16. bxc6 bxc6 17. Rfc1 Rfc8 18. Ne4 Nxe4 19. Bxe4 Bd5 20. Bxd5 cxd5 21. Rd1 Bb4 22. Rxd5 a5 23. Rc1 Rxc1+ 24. Bxc1 Rc8 25. Bd2 h6 26. Bxb4 axb4 27. Rb5 Rc4 28. a5 Rc1+ 29. Kg2 Ra1 30. h4 b3 31. h5 b2 32. Rxb2 Rxa5 33. g4 Ra3 34. Rb8+ Kh7 35. Rb7 Kg8 36. Rb8+ Kh7 37. Rb6 Kg8 38. e4 Kf8 39. f3 Ra5 40. Kg3 Rc5 41. Kf4 Ra5 42. e5 Kg8 43. Rb8+ Kh7 44. Rf8 Ra7 45. Kf5 Rb7 46. f4 Ra7 47. g5 g6+ 48. hxg6+ fxg6+ 49. Kf6 Ra6+ 50. e6 h5 51. f5 1-0

[Event "Madrid-ch sf"]
[Site "Madrid"]
[Date "2006.01.24"]
[Round "8"]
[White "Ballesteros Gonzalez, David"]
[Black "Cruz Condori, Alfredo"]
[Result "1-0"]
[WhiteElo "2224"]
[BlackElo "2254"]
[PlyCount "91"]
[EventDate "2006.01.09"]
[EventType "swiss"]
[EventRounds "9"]
[EventCountry "ESP"]
[SourceTitle "CBM 110 Extra"]
[Source "ChessBase"]
[SourceDate "2006.03.10"]
[SourceVersion "2"]
[SourceVersionDate "2006.03.10"]
[SourceQuality "1"]

1. d4 d5 2. c4 c6 3. e3 Nf6 4. Nc3 a6 5. a4 e6 6. Nf3 Bb4 7. Bd2 c5 8. cxd5 exd5 9. Bd3 Nc6 10. dxc5 0-0 11. 0-0 Bxc5 12. Ne2 Bg4 13. Bc3 Bd6 14. Nfd4 Re8 15. h3 Bd7 16. Nf5 Bxf5 17. Bxf5 Ne4 18. Bxe4 dxe4 19. Qb3 Qe7 20. Rfd1 Ne5 21. Nf4 Rad8 22. Rd5 Ng6 23. Nxg6 hxg6 24. Rad1 Bb8 25. Ba5 Rxd5 26. Qxd5 Bc7 27. Bxc7 Qxc7 28. Qd7 Re7 29. Qd8+ Kh7 30. g3 g5 31. Qxc7 Rxc7 32. Rd4 f5 33. Kg2 g6 34. g4 Kg7 35. Kg3 Re7 36. Rb4 Kf6 37. Rb6+ Kg7 38. gxf5 gxf5 39. h4 f4+ 40. exf4 gxh4+ 41. Kxh4 Rc7 42. Kg5 Kf7 43. f5 Ke7 44. Kg6 Rc8 45. f6+ Kd7 46. f7 1-0

[Event "Malaga Jovenes Promesas"]
[Site "Malaga"]
[Date "2006.01.22"]
[Round "9"]
[White "Cruz Condori, Alfredo"]
[Black "Gavilan Diaz, Mario"]
[Result "0-1"]
[WhiteElo "2254"]
[BlackElo "2161"]
[PlyCount "96"]
[EventDate "2006.01.18"]
[EventType "tourn"]
[EventRounds "9"]
[EventCountry "ESP"]
[EventCategory "2"]
[SourceTitle "CBM 110 Extra"]
[Source "ChessBase"]
[SourceDate "2006.03.10"]
[SourceVersion "2"]
[SourceVersionDate "2006.03.10"]
[SourceQuality "1"]

1. d4 Nf6 2. Bg5 e6 3. c4 Bb4+ 4. Nc3 c5 5. d5 h6 6. Bd2 0-0 7. g3 exd5 8. cxd5 d6 9. Bg2 Re8 10. Nf3 Qe7 11. 0-0 Bxc3 12. Bxc3 Qxe2 13. Bxf6 Qxd1 14. Raxd1 gxf6 15. Nd2 Bf5 16. Nc4 Rd8 17. Rfe1 Kf8 18. Ne3 Bc8 19. Be4 Nd7 20. f4 Nb6 21. Bf5 Nc4 22. Nxc4 Bxf5 23. Ne3 Bd7 24. g4 b5 25. Kf2 Re8 26. Kf3 Re7 27. Ng2 Rxe1 28. Rxe1 Rc8 29. Ne3 Rb8 30. Rc1 Rb6 31. b3 a5 32. h4 Ra6 33. Ke4 a4 34. Nf5 axb3 35. axb3 Bxf5+ 36. Kxf5 Kg7 37. Re1 Ra3 38. Rb1 Ra2 39. Rd1 Rc2 40. Rd3 b4 41. Ke4 h5 42. gxh5 Kh6 43. Kf5 Rc3 44. Rd1 Rxb3 45. Kxf6 c4 46. Ke7 Rd3 47. Rc1 c3 48. Kxd6 b3 0-1

[Event "Malaga Jovenes Promesas"]
[Site "Malaga"]
[Date "2006.01.22"]
[Round "8"]
[White "Fernandez Siles, Luis"]
[Black "Cruz Condori, Alfredo"]
[Result "1/2-1/2"]
[WhiteElo "2291"]
[BlackElo "2254"]
[PlyCount "100"]
[EventDate "2006.01.18"]
[EventType "tourn"]
[EventRounds "9"]
[EventCountry "ESP"]
[EventCategory "2"]
[SourceTitle "CBM 110 Extra"]
[Source "ChessBase"]
[SourceDate "2006.03.10"]
[SourceVersion "2"]
[SourceVersionDate "2006.03.10"]
[SourceQuality "1"]

1. e4 c5 2. Nf3 Nc6 3. c3 d5 4. exd5 Qxd5 5. d4 Nf6 6. Be3 e6 7. a3 a6 8. dxc5 Qxd1+ 9. Kxd1 Ng4 10. b4 Nxe3+ 11. fxe3 a5 12. Nd4 Bd7 13. Nd2 axb4 14. Nxc6 bxc3 15. Nd4 cxd2 16. Bb5 Bxc5 17. Kxd2 Rxa3 18. Rxa3 Bxa3 19. Rb1 Bxb5 20. Rxb5 0-0 21. Rxb7 Bd6 22. h3 g6 23. Ke2 h5 24. g4 hxg4 25. hxg4 Be5 26. Nc6 Bf6 27. Rb8 Kg7 28. Rxf8 Kxf8 29. e4 Ke8 30. Nb4 Bc3 31. Nc2 Ke7 32. Kd3 Bb2 33. Ne1 Kd6 34. Nf3 f6 35. Ke2 g5 36. Kd3 Kc5 37. Nd2 Be5 38. Nf3 Bf4 39. Nd4 Kd6 40. Nf3 Be5 41. Ke2 Kc5 42. Kd3 Kb4 43. Nd2 Bf4 44. Nf3 Be5 45. Nd2 Ba1 46. Nf3 Bc3 47. Ng1 Kb3 48. Nf3 Kb2 49. e5 Bxe5 50. Nxe5 f5 1/2-1/2

[Event "Malaga Jovenes Promesas"]
[Site "Malaga"]
[Date "2006.01.20"]
[Round "5"]
[White "Alonso Garcia, Rene Marcial"]
[Black "Cruz Condori, Alfredo"]
[Result "1-0"]
[WhiteElo "2392"]
[BlackElo "2254"]
[PlyCount "47"]
[EventDate "2006.01.18"]
[EventType "tourn"]
[EventRounds "9"]
[EventCountry "ESP"]
[EventCategory "2"]
[SourceTitle "CBM 110 Extra"]
[Source "ChessBase"]
[SourceDate "2006.03.10"]
[SourceVersion "2"]
[SourceVersionDate "2006.03.10"]
[SourceQuality "1"]

1. d4 d5 2. c4 c6 3. e3 Nf6 4. Nc3 a6 5. Qc2 e6 6. Nf3 dxc4 7. Bxc4 b5 8. Bd3 Bb7 9. 0-0 Nbd7 10. a4 Rc8 11. Qe2 Be7 12. e4 0-0 13. e5 Nd5 14. Nxd5 exd5 15. e6 fxe6 16. Qxe6+ Kh8 17. Qh3 Nf6 18. Ng5 h6 19. Ne6 Qe8 20. Bxh6 Nh5 21. Bxg7+ Kg8 22. Bxf8 Bxf8 23. Rae1 Qf7 24. Re5 1-0

[Event "Malaga Jovenes Promesas"]
[Site "Malaga"]
[Date "2006.01.19"]
[Round "3"]
[White "Naranjo Moreno, Antonio"]
[Black "Cruz Condori, Alfredo"]
[Result "1/2-1/2"]
[WhiteElo "2132"]
[BlackElo "2254"]
[PlyCount "54"]
[EventDate "2006.01.18"]
[EventType "tourn"]
[EventRounds "9"]
[EventCountry "ESP"]
[EventCategory "2"]
[SourceTitle "CBM 110 Extra"]
[Source "ChessBase"]
[SourceDate "2006.03.10"]
[SourceVersion "2"]
[SourceVersionDate "2006.03.10"]
[SourceQuality "1"]

1. e4 c5 2. Nf3 Nc6 3. d4 cxd4 4. Nxd4 Qc7 5. Be3 e6 6. Bd3 a6 7. 0-0 Nf6 8. Nc3 Nxd4 9. Bxd4 Bc5 10. Bxc5 Qxc5 11. Kh1 b5 12. a3 Bb7 13. Qe2 d6 14. Rae1 0-0 15. f4 e5 16. fxe5 Qxe5 17. Rf5 Qe6 18. e5 dxe5 19. Rxe5 Qb6 20. Ne4 Nxe4 21. Bxe4 Bxe4 22. Rxe4 Rac8 23. Re7 Qc5 24. c3 h6 25. Qf3 Rcd8 26. h3 Rd2 27. R7e2 Rxe2 1/2-1/2

[Event "Malaga Jovenes Promesas"]
[Site "Malaga"]
[Date "2006.01.18"]
[Round "1"]
[White "Cueto Chajtur, Johny"]
[Black "Cruz Condori, Alfredo"]
[Result "1/2-1/2"]
[WhiteElo "2322"]
[BlackElo "2254"]
[PlyCount "50"]
[EventDate "2006.01.18"]
[EventType "tourn"]
[EventRounds "9"]
[EventCountry "ESP"]
[EventCategory "2"]
[SourceTitle "CBM 110 Extra"]
[Source "ChessBase"]
[SourceDate "2006.03.10"]
[SourceVersion "2"]
[SourceVersionDate "2006.03.10"]
[SourceQuality "1"]

1. e4 c5 2. Nf3 Nc6 3. Nc3 e6 4. d4 cxd4 5. Nxd4 Qc7 6. Be3 a6 7. Be2 Bb4 8. 0-0 Nf6 9. Nxc6 dxc6 10. Bd3 e5 11. Qf3 Be6 12. Qg3 Be7 13. a4 0-0 14. Rfd1 a5 15. f3 Rfe8 16. Nb1 Nd7 17. Qf2 b6 18. Nd2 Bc5 19. Bc4 Bxe3 20. Qxe3 Nc5 21. Bxe6 Nxe6 22. c3 b5 23. Nf1 Reb8 24. Qf2 b4 25. Nd2 bxc3 1/2-1/2

[Event "Madrid-ch sf"]
[Site "Madrid"]
[Date "2006.01.09"]
[Round "1"]
[White "Cruz Condori, Alfredo"]
[Black "Lopez de Turiso, Jose Angel"]
[Result "0-1"]
[WhiteElo "2254"]
[BlackElo "2112"]
[PlyCount "104"]
[EventDate "2006.01.09"]
[EventType "swiss"]
[EventRounds "9"]
[EventCountry "ESP"]
[SourceTitle "CBM 110 Extra"]
[Source "ChessBase"]
[SourceDate "2006.03.10"]
[SourceVersion "2"]
[SourceVersionDate "2006.03.10"]
[SourceQuality "1"]

1. d4 d5 2. Bg5 c6 3. c3 Bf5 4. Nd2 Nd7 5. Ngf3 h6 6. Bh4 Ngf6 7. Bxf6 Nxf6 8. Ne5 e6 9. e3 Bd6 10. f4 g5 11. Be2 Qc7 12. 0-0 gxf4 13. exf4 0-0-0 14. Rf3 h5 15. h3 Kb8 16. Bd3 Bxd3 17. Nxd3 Ne4 18. Qe2 f5 19. Qe3 Rhg8 20. Ne5 Rg7 21. Re1 Rdg8 22. Re2 Qa5 23. a3 Qb5 24. Nf1 Qb3 25. Qd3 h4 26. Ne3 Ng3 27. Rc2 Qa2 28. Qd1 Qb3 29. c4 Ne4 30. cxd5 exd5 31. N3g4 Qb6 32. Nh6 Rf8 33. Rxc6 Qxb2 34. Rc2 Qb6 35. Kh2 Bxe5 36. dxe5 Qxh6 37. Qxd5 Rc8 38. Rxc8+ Kxc8 39. Rf1 Qc6 40. Qb3 Rxg2+ 41. Kxg2 Nd2+ 42. Qf3 Nxf3 43. Rxf3 Kd7 44. Kf2 Qc2+ 45. Kf1 Qd1+ 46. Kf2 Qd2+ 47. Kf1 b5 48. Rf2 Qc1+ 49. Kg2 Qxa3 50. Rd2+ Ke7 51. e6 Qg3+ 52. Kh1 Qe1+ 0-1

[Event "Madrid Anniv 25"]
[Site "Madrid"]
[Date "2005.11.05"]
[Round "11"]
[White "Cruz Condori, Alfredo"]
[Black "Mirzoev, Azer"]
[Result "0-1"]
[WhiteElo "2303"]
[BlackElo "2550"]
[PlyCount "58"]
[EventDate "2005.10.29"]
[EventType "tourn"]
[EventRounds "11"]
[EventCountry "ESP"]
[EventCategory "6"]
[SourceTitle "EXT 2006"]
[Source "ChessBase"]
[SourceDate "2005.11.24"]
[SourceVersion "1"]
[SourceVersionDate "2005.11.24"]
[SourceQuality "1"]

1. d4 Nf6 2. Nf3 e6 3. Bg5 h6 4. Bxf6 Qxf6 5. e4 d6 6. Nbd2 Nd7 7. Be2 g6 8. 0-0 Bg7 9. Re1 0-0 10. a4 e5 11. c3 a5 12. h3 Qe7 13. dxe5 dxe5 14. Bf1 b6 15. Bc4 Bb7 16. Qc2 Nf6 17. Nf1 Rad8 18. Ne3 Rd7 19. Rad1 Rfd8 20. Rxd7 Rxd7 21. Qb3 Nh7 22. Rd1 Nf8 23. Rxd7 Nxd7 24. Bd5 Nc5 25. Qc4 c6 26. Bxc6 Bxc6 27. b4 Qe6 28. Nd2 Qxc4 29. Ndxc4 axb4 0-1

[Event "Madrid Anniv 25"]
[Site "Madrid"]
[Date "2005.11.03"]
[Round "9"]
[White "Cruz Condori, Alfredo"]
[Black "Serrano Salvador, Eduardo"]
[Result "1/2-1/2"]
[WhiteElo "2303"]
[BlackElo "2344"]
[PlyCount "67"]
[EventDate "2005.10.29"]
[EventType "tourn"]
[EventRounds "11"]
[EventCountry "ESP"]
[EventCategory "6"]
[SourceTitle "EXT 2006"]
[Source "ChessBase"]
[SourceDate "2005.11.24"]
[SourceVersion "1"]
[SourceVersionDate "2005.11.24"]
[SourceQuality "1"]

1. d4 d5 2. Nf3 c6 3. c3 Nf6 4. Bf4 Qb6 5. Qb3 Bf5 6. h3 e6 7. Nbd2 Nbd7 8. Nh4 Be4 9. f3 Bg6 10. e4 dxe4 11. Nxg6 hxg6 12. Nxe4 Nxe4 13. fxe4 Be7 14. 0-0-0 Qxb3 15. axb3 a6 16. Be2 c5 17. Bf3 cxd4 18. cxd4 e5 19. Be3 0-0 20. d5 Bc5 21. Bd2 a5 22. Kb1 Nf6 23. Bc3 Bd6 24. Rc1 Nd7 25. g4 Rfc8 26. Bd2 Nc5 27. Rc3 a4 28. bxa4 Rxa4 29. Be3 b6 30. Rhc1 Rca8 31. Rc4 Ra1+ 32. Kc2 R8a4 33. Rxa4 Rxa4 34. Bxc5 1/2-1/2

[Event "Madrid Anniv 25"]
[Site "Madrid"]
[Date "2005.11.02"]
[Round "7"]
[White "Cruz Condori, Alfredo"]
[Black "Roa Alonso, Santiago"]
[Result "0-1"]
[WhiteElo "2303"]
[BlackElo "2383"]
[PlyCount "80"]
[EventDate "2005.10.29"]
[EventType "tourn"]
[EventRounds "11"]
[EventCountry "ESP"]
[EventCategory "6"]
[SourceTitle "EXT 2006"]
[Source "ChessBase"]
[SourceDate "2005.11.24"]
[SourceVersion "1"]
[SourceVersionDate "2005.11.24"]
[SourceQuality "1"]

1. d4 d5 2. Nf3 Nf6 3. c4 e6 4. Nc3 Be7 5. Bf4 0-0 6. e3 c5 7. Be2 dxc4 8. Bxc4 Nc6 9. 0-0 cxd4 10. exd4 b6 11. a3 Bb7 12. Ba2 Rc8 13. Re1 Na5 14. Ne5 Nd5 15. Bd2 Nxc3 16. Bxc3 Bd5 17. Bxa5 bxa5 18. Bb1 Rb8 19. Qh5 f5 20. Qe2 Bf6 21. Nc6 Bxc6 22. Qxe6+ Kh8 23. Qxc6 Bxd4 24. Ra2 Rb6 25. Qa4 Qh4 26. b3 Rh6 27. h3 Qf4 28. Qb5 Rd6 29. Qxa5 g6 30. Rae2 Rf7 31. Qb5 Kg7 32. Qc4 Rdd7 33. b4 Bxf2+ 34. Rxf2 Qxc4 35. Ba2 Qc3 36. Rfe2 Rf6 37. Re8 Rfd6 38. R1e7+ Kh6 39. Bg8 Rd1+ 40. Kh2 f4 0-1

[Event "Madrid Anniv 25"]
[Site "Madrid"]
[Date "2005.11.01"]
[Round "5"]
[White "Elissalt Cardenas, Hector"]
[Black "Cruz Condori, Alfredo"]
[Result "0-1"]
[WhiteElo "2317"]
[BlackElo "2303"]
[PlyCount "96"]
[EventDate "2005.10.29"]
[EventType "tourn"]
[EventRounds "11"]
[EventCountry "ESP"]
[EventCategory "6"]
[SourceTitle "EXT 2006"]
[Source "ChessBase"]
[SourceDate "2005.11.24"]
[SourceVersion "1"]
[SourceVersionDate "2005.11.24"]
[SourceQuality "1"]

1. c4 c5 2. Nc3 Nc6 3. Nf3 Nf6 4. g3 d5 5. cxd5 Nxd5 6. Bg2 e6 7. 0-0 Be7 8. d4 cxd4 9. Nxd4 Nxd4 10. Qxd4 Nxc3 11. Qxc3 Bf6 12. Qc2 0-0 13. Rd1 Qb6 14. Be3 Qxb2 15. Qxb2 Bxb2 16. Rab1 Bc3 17. Bxb7 Bxb7 18. Rxb7 a6 19. Rdd7 h6 20. Bc5 Rfc8 21. Ba3 Rc4 22. Rxf7 Ra4 23. Bc5 Rxa2 24. e3 Bf6 25. h4 Rc8 26. Bd4 e5 27. Ba7 Rcc2 28. e4 Rab2 29. Be3 a5 30. Ra7 Re2 31. Kf1 a4 32. Rfd7 Ra2 33. Rdc7 Reb2 34. h5 Rb8 35. Kg2 Rab2 36. Rxa4 R2b7 37. Rxb7 Rxb7 38. Kh3 Kf7 39. Kg4 Kg8 40. Kf5 Kh7 41. Ra7 Rb3 42. Bc5 Rc3 43. Be3 Rc6 44. Rb7 Ra6 45. g4 Ra1 46. Rb8 Ra6 47. Rf8 Be7 48. Rb8 Rf6+ 0-1